000 00282nam a2200109Ia 4500
008 201231s9999 xx 000 0 und d
100 _aCorlett, Ewan
245 0 _a(The) Ship : The Revolution in Merchant Shipping 1950 - 1980
260 _aLondon
_bHMSO
300 _a60
942 _cBK
999 _c10108
_d10108